Дело об участии в торжествах коронации эмира Бухарского и хана Хивинского

Доступно только в Электронных читальных залах Найти на картеНа карте
RUSMARC
00003586nmc2a22002413x 450
00168b57ab9-d3fd-4d41-a8e6-df64d22bc25c
00520251030020300.0
100##$a20250602l18961896k l0rusy0189 ca
1010#$arus
102##$aRU
105##$ay###
1222#$ad
2001#$aДело об участии в торжествах коронации эмира Бухарского и хана Хивинского
$j29 марта - 15 мая 1896 г.
215##$a30 л.
$d36,5х26 см
251##$cДело
300##$aНа обложке указано: "Экспедиция церемониальных дел Министерства императорского двора; №48"
371##$aДокумент не является опубликованным и широко распространяемым
461#0$10011beca410-31e9-4f28-916a-592ca9443f69
$12001
$aЦеремониальная часть Министерства императорского двора
$1251
$cФонд
$1852
$j473
462#0$1001a54d7da2-27dc-4d4e-832c-8830aaafd738
$12001
$aЦеремониальная часть Министерства императорского двора
$1251
$cОпись
$1852
$j3
801#0$aRU
$bРГИА
$c20250602
$gRCR
801#1$aRU
$bГлавНИВЦ
$c20250602
$2rusmarc
801#2$aRU
$bПБ им. Б.Н. Ельцина
$c20251030
$gRCR
$2rusmarc
850##$aРГИА
852##$aРГИА
$eФедеральное казенное учреждение "Российский государственный исторический архив" (РГИА)
$j538
937##$hРГИА
$d12424630
$aASBIBLIO_SCAN
035##$aRusGRCC00086610
856##$uhttp://readingroom.main.prlib.ru/item.aspx?id_node=n198777507&mode=full
Формат отображения